[Event "Valasska Bystrice op"]
[Site "Valasska Bystrice"]
[Date "2016.09.11"]
[Round "3"]
[White "Perik, Alois"]
[Black "Gajda, Rostislav"]
[Result "1-0"]
[WhiteElo "1851"]
[BlackElo "1593"]
[PlyCount "39"]
[EventDate "2016.09.10"]
[EventType "swiss"]
[EventRounds "9"]
[EventCountry "CZE"]
[SourceTitle "CBM 174 Extra"]
[Source "ChessBase"]
[SourceDate "2016.10.10"]
[SourceVersion "1"]
[SourceVersionDate "2016.10.10"]
[SourceQuality "1"]

1. c4 Nc6 2. Nc3 e5 3. g3 Bc5 4. Bg2 d6 5. e3 Rb8 6. Nge2 Bf5 7. d4 exd4 8. exd4 Bb4 9. Bd2 Qd7 10. 0-0 Nf6 11. Re1 0-0 12. Nd5 Bxd2 13. Nxf6+ gxf6 14. Qxd2 Ne7 15. Qh6 Ng6 16. h4 Bh3 17. h5 Bxg2 18. hxg6 Qh3 19. Qxh7+ Qxh7 20. gxh7+ 1-0